| 000 | 00766nam a2200217 i 4500 | ||
|---|---|---|---|
| 001 | 21382 | ||
| 003 | ES-MaACL | ||
| 005 | 20230906152452.0 | ||
| 007 | t| | ||
| 008 | 021125s1978 sp ||||1| spa d | ||
| 100 | 1 |
_aAlbert, Hans. _919309 |
|
| 245 | 1 | 0 |
_aEtica y metaética _b: el dilema de la filosofía moral analítica / _cHans Albert ; introducción de Jesús Rodríguez Marín ; traducción del alemán por Manuel Jiménez Redondo. |
| 260 |
_aValencia : _bRevista Teorema, _c1978. |
||
| 300 |
_aIX, 52 p. ; _c19 cm. |
||
| 490 | 1 | _aCuadernos Teorema | |
| 700 | 1 |
_aRodríguez Marín, Jesús. _998637 |
|
| 700 | 1 |
_aJiménez Redondo, Manuel. _966597 |
|
| 830 | 0 |
_aCuadernos Teorema _9180999 |
|
| 852 |
_aES-MaACL _j2097-F-11 _bR.97368 |
||
| 999 |
_c21382 _d21382 |
||